Telemetry Via GSM / (Record no. 184063)
[ view plain ]
| 000 -LEADER | |
|---|---|
| fixed length control field | 00821 a2200193 4500 |
| 003 - CONTROL NUMBER IDENTIFIER | |
| control field | NUST |
| 005 - DATE AND TIME OF LATEST TRANSACTION | |
| control field | 20251121181135.0 |
| 040 ## - CATALOGING SOURCE | |
| Transcribing agency | Nust |
| 082 ## - DEWEY DECIMAL CLASSIFICATION NUMBER | |
| Classification number | 621.382,ASI |
| 100 ## - MAIN ENTRY--PERSONAL NAME | |
| Personal name | Asif , Capt. Nadeem (TCC-17A) |
| 9 (RLIN) | 131992 |
| 245 ## - TITLE STATEMENT | |
| Title | Telemetry Via GSM / |
| Statement of responsibility, etc. | Capt. Nadeem Asif, Capt. Nasir Rafique, Capt Imran Mehboob and Maj Usman Malik |
| 260 ## - PUBLICATION, DISTRIBUTION, ETC. | |
| Place of publication, distribution, etc. | Rawalpindi |
| Name of publisher, distributor, etc. | MCS (NUST) |
| Date of publication, distribution, etc. | 2009 |
| 300 ## - PHYSICAL DESCRIPTION | |
| Extent | 70 p.; |
| 505 ## - FORMATTED CONTENTS NOTE | |
| Formatted contents note | Introduction (Page-1), Current Telemetry System in IRSA (Page-2), Field Visit to NESPAK and Water Wing WAPDA Lahore (Page-16), Telemetry Via GSM Network (Page-18), Project Development and Circuits (Page-49), Conclusion (Page-69), References (Page-70). |
| 650 ## - SUBJECT ADDED ENTRY--TOPICAL TERM | |
| Topical term or geographic name entry element | UG Projects |
| 9 (RLIN) | 98716 |
| 651 ## - SUBJECT ADDED ENTRY--GEOGRAPHIC NAME | |
| Geographic name | TCC-17A |
| 9 (RLIN) | 131971 |
| 700 ## - ADDED ENTRY--PERSONAL NAME | |
| Personal name | Supervised by Asst Prof Maj (R) Fazal Ahmad |
| 9 (RLIN) | 131993 |
| 942 ## - ADDED ENTRY ELEMENTS (KOHA) | |
| Koha item type | Project Report |
| Source of classification or shelving scheme | |
| Withdrawn status | Lost status | Source of classification or shelving scheme | Damaged status | Not for loan | Permanent Location | Current Location | Shelving location | Date acquired | Full call number | Barcode | Date last seen | Price effective from | Koha item type | Public note |
|---|---|---|---|---|---|---|---|---|---|---|---|---|---|---|
| Military College of Signals (MCS) | Military College of Signals (MCS) | Reference | 12/12/2016 | 621.382,ASI | MCSPTC-111 | 12/08/2016 | 12/12/2016 | Project Report | Almirah No. 94, Shelf No. 3 |
